00417nam a2200109Ia 4500008004100000082000800041100001800049245018700067260003600254300000900290365000800299220603s9999 xx 000 0 und d bJEV aJevoor Prabhu aStudy to assess the effectiveness of the self instructional module on knowledge regarding management of the patients with stroke among the staff nurses working in critical care units aKarnatakabKLE Universityc2013 a130p bRs.